[Event "82nd Tata Steel Challengers 2020"]
[Site "Wijk aan Zee"]
[Date "2020.01.25"]
[Round "12.7"]
[White "L'Ami, Erwin"]
[Black "Grandelius, Nils"]
[Result "1/2-1/2"]
[WhiteElo "2606"]
[BlackElo "2673"]
[Annotator "TA"]
[PlyCount "62"]
[EventDate "2020.01.11"]
[EventType "tourn"]
[EventCountry "NED"]
[SourceTitle "playchess.com"]
[Source "ChessBase"]
[SourceQuality "1"]

{[%evp 15,62,6,20,9,21,7,74,0,0,0,13,-20,-24,-64,-97,-57,-36,-42,-53,-59,-44,-42,-14,-61,-57,-62,-49,-63,-39,-39,-11,-39,-39,-39,-39,-39,-11,-27,-15,-33,-23,-35,-37,-49,0,-26,0,-56,0]} 1. d4 Nf6 2. Nf3 g6 3. c4 Bg7 4. g3 d5 5. cxd5 Nxd5 6. Bg2 Nb6 7. Nc3 Nc6 8. e3 e5 {[%cal Re5d4]} 9. d5 {D71: Fianchetto Grünfeld: 3 g3 d5 sidelines and 5 cxd5 (without Nf3)} Ne7 {[%cal Re7d5]} 10. e4 c6 (10... Bg4 $11 {remains equal.}) (10... Bg4 11. h3 Bxf3 12. Qxf3 O-O 13. O-O c6 14. Rd1 cxd5 {½-½ (14) Laznicka,V (2672)-Li,C (2722) Chartres 2017}) 11. O-O ({Better is} 11. d6 $16 Ng8 12. a4) 11... cxd5 $11 12. exd5 O-O {[%cal Rb6d5]} 13. Qb3 $146 ({Predecessor:} 13. Ng5 h6 14. Nge4 Kh7 15. a4 f5 16. Nc5 Qd6 {½-½ (71) Lei,T (2468)-Savchenko,B (2618) Subic Bay 2016}) 13... Nexd5 14. Nxe5 {[%cal Rc3d5]} Nxc3 ({Don't play} 14... Bxe5 15. Nxd5 Be6 16. Rd1 $11) 15. Qxc3 Nd7 16. f4 $1 Nxe5 17. fxe5 Qe7 18. Bf4 Bf5 19. Rac1 Rac8 20. Qe3 b6 21. h4 Qe6 22. b3 Bh3 23. Rfd1 Bxg2 24. Kxg2 Rxc1 25. Rxc1 Qd7 26. Re1 Re8 27. Qf3 h5 28. Re2 Qe6 29. Rf2 Qd7 30. Re2 Qe6 31. Rf2 Qd7 {Accuracy: White = 40%, Black = 49%.} (31... Rd8 $15) 1/2-1/2

[Event "82nd Tata Steel Challengers 2020"]
[Site "Wijk aan Zee"]
[Date "2020.01.26"]
[Round "13.1"]
[White "Warmerdam, Max"]
[Black "Smeets, Jan"]
[Result "1-0"]
[WhiteElo "2498"]
[BlackElo "2585"]
[Annotator "TA"]
[PlyCount "61"]
[EventDate "2020.01.11"]
[EventType "tourn"]
[EventCountry "NED"]
[SourceTitle "playchess.com"]
[Source "ChessBase"]
[SourceQuality "1"]

{[%evp 9,61,8,9,18,0,1,9,0,8,-4,0,0,0,0,0,0,0,0,0,-15,-14,-20,76,79,151,147,199,205,290,289,290,278,287,284,273,266,255,278,262,250,1254,1219,1072,1032,1086,1105,29989,29990,29995,29996,29996,29997,29997,29998]} 1. e4 c6 2. d4 d5 3. e5 c5 4. Nf3 cxd4 5. Nxd4 Nc6 6. Nxc6 {B12: Caro-Kann: Advance Variation.} bxc6 7. Bd3 e6 8. Nd2 {The position is equal.} Ne7 {[#]} 9. Qg4 $146 ({Predecessor:} 9. Nf3 Ng6 10. h4 Ne7 11. h5 h6 12. O-O c5 13. c4 Bd7 14. Qe2 Bc6 15. b3 {1-0 (29) Inarkiev,E (2679)-Arutinian,D (2564) Konya 2011}) 9... Ng6 10. Nf3 Qc7 11. Qg3 Ba6 12. O-O $36 {[%mdl 2048] White has good play.} Bxd3 13. cxd3 Qb6 14. h4 h5 15. Be3 Qxb2 (15... Qa6 $11 {remains equal.}) 16. Nd4 $1 $16 Ne7 ({Black should play} 16... Qb7) 17. Rab1 Qxa2 (17... Qa3 $16) 18. Rb7 $18 Qa6 (18... Rc8 {keeps fighting.} 19. Qf3 Qa6) 19. Rfb1 Qxd3 20. Qf3 Rc8 21. Rb8 Qa6 {[#] next ...Rxb8 is good for Black.} 22. Bg5 $1 ({Less strong is} 22. R8b7 Qd3 $16) 22... Rxb8 23. Rxb8+ Nc8 {Threatens to win with ...Bc5.} 24. Qe2 Qa1+ $2 {[#]} (24... Qxe2 25. Rxc8+ {[%mdl 64] Double Attack} Kd7 26. Rd8+ (26. Nxe2 $2 {perishes.} Kxc8 27. Nc3 Kc7 $19) 26... Kc7 27. Nxe2 g6) 25. Kh2 $1 Kd7 26. Rb7+ Ke8 27. Nxc6 Bc5 {[#]} 28. Qb5 $1 {[%mdl 512] White mates.} Bxf2 29. Nd8+ Kf8 30. Rxf7+ {[%mdl 64] Double Attack} Kg8 31. Qe8+ {[%mdl 64] Double Attack. Accuracy: White = 100%, Black = 56%.} 1-0

[Event "82nd Tata Steel Challengers 2020"]
[Site "Wijk aan Zee"]
[Date "2020.01.26"]
[Round "13.2"]
[White "Van Foreest, Lucas"]
[Black "Anton Guijarro, David"]
[Result "1/2-1/2"]
[WhiteElo "2523"]
[BlackElo "2694"]
[Annotator "TA"]
[PlyCount "57"]
[EventDate "2020.01.11"]
[EventType "tourn"]
[EventCountry "NED"]
[SourceTitle "playchess.com"]
[Source "ChessBase"]
[SourceQuality "1"]

{[%evp 11,57,31,35,26,26,22,18,7,9,0,18,18,18,18,29,18,14,14,16,18,19,12,20,13,25,8,18,0,0,0,0,0,0,0,0,0,0,0,0,0,0,0,0,0,0,0,0,0]} 1. e4 c5 2. Nf3 Nc6 3. d4 cxd4 4. Nxd4 e5 5. Nb5 d6 6. c4 Be6 7. N5c3 {B32: Sicilian: Löwenthal and Kalashnikov Variations} g6 $146 ({Predecessor:} 7... Nf6 8. Bd3 g6 9. O-O Bg7 10. Nd5 Nd7 11. Nbc3 O-O 12. Be3 a6 13. Rc1 f5 14. exf5 gxf5 {1-0 (44) Buhmann,R (2574)-Loxine,J (2393) Germany 2019}) 8. Be2 Bg7 9. Be3 Nge7 10. Nd5 O-O 11. Nbc3 Nd4 12. O-O Nxd5 13. Nxd5 Bxd5 14. cxd5 Nxe2+ 15. Qxe2 f5 16. f3 Qh4 17. Bf2 (17. exf5 {looks sharper.} gxf5 18. Rac1 Rac8 19. Rxc8 Rxc8 20. Bxa7 Qa4 21. Be3) 17... Qe7 18. Rac1 Bh6 {The position is equal.} 19. Be3 Bxe3+ 20. Qxe3 fxe4 21. fxe4 a6 22. h3 Rxf1+ 23. Rxf1 Rf8 24. Rxf8+ Qxf8 $11 {KQ-KQ} 25. Qa7 Qc8 26. Kh2 Qf8 27. Kg1 Qc8 28. Kh2 Qf8 29. Kg1 {Accuracy: White = 54%, Black = 75%.} 1/2-1/2

[Event "82nd Tata Steel Challengers 2020"]
[Site "Wijk aan Zee"]
[Date "2020.01.26"]
[Round "13.3"]
[White "Smirnov, Anton"]
[Black "Ganguly, Surya Shekhar"]
[Result "0-1"]
[WhiteElo "2604"]
[BlackElo "2636"]
[Annotator "TA"]
[PlyCount "52"]
[EventDate "2020.01.11"]
[EventType "tourn"]
[EventCountry "NED"]
[SourceTitle "playchess.com"]
[Source "ChessBase"]
[SourceQuality "1"]

{[%evp 10,52,0,0,1,0,5,0,0,11,6,7,0,-44,0,-62,-69,-67,-60,-161,-153,-139,-149,-179,-140,-199,-215,-208,-206,-210,-206,-284,-226,-285,-282,-280,-257,-360,-345,-322,-277,-754,-606,-1434,-1417]} 1. d4 Nf6 2. c4 e6 3. Nc3 Bb4 4. f3 c5 5. d5 O-O 6. e4 b5 {E20: Nimzo-Indian: 4 g3 and 4 f3.} 7. e5 Ne8 8. f4 exd5 {The position is equal.} 9. cxd5 Bb7 $5 {[%mdl 4] Exploring less charted territory.} 10. Nf3 {[#]} c4 $146 ({Predecessor:} 10... d6 11. Bd3 f5 12. O-O c4 13. Bc2 Bc5+ 14. Kh1 Nc7 15. Ng5 h6 16. Qh5 b4 {1-0 (45) Gunina,V (2497)-Kosteniuk,A (2507) Izhevsk 2019}) 11. Be2 Qb6 12. Bd2 (12. d6 $1 $11) 12... Nc7 $15 13. d6 Ne6 14. f5 ({White should play} 14. a3 $15 Bxc3 15. bxc3) 14... Nd4 $19 15. f6 Re8 $1 16. a3 Ba5 17. fxg7 (17. Be3 $17 Nc2+ {[%mdl 64] Discovered Attack} 18. Qxc2 Qxe3 19. Qc1 Qxc1+ 20. Rxc1) 17... Nxf3+ 18. Bxf3 Rxe5+ 19. Kf1 {[#]} Na6 $1 {[%cal Bb8a6,Ba6c5,Bc5d3][%mdl 32]} 20. Be1 Bxc3 ({But not} 20... Kxg7 $2 21. Bf2 $16) 21. Bf2 {[#]} Nc5 $1 22. bxc3 Rae8 $40 {[%mdl 128] Black goes for the king.} 23. h4 (23. Bxb7 $142 Qxb7 24. Qf3) 23... Bxf3 ({Stronger than} 23... Kxg7 24. Bxc5 Bxf3 25. Bxb6 $14) 24. Qxf3 Qxd6 {...Nb3 is the strong threat.} 25. h5 $2 (25. Kg1 Re4 26. Rh3) 25... Nd3 26. Bg3 {[#]} Qxa3 $1 {[%mdl 576] Back Rank. Accuracy: White = 37%, Black = 81%.} 0-1

[Event "82nd Tata Steel Challengers 2020"]
[Site "Wijk aan Zee"]
[Date "2020.01.26"]
[Round "13.4"]
[White "Eljanov, Pavel"]
[Black "L'Ami, Erwin"]
[Result "1/2-1/2"]
[WhiteElo "2650"]
[BlackElo "2606"]
[Annotator "TA"]
[PlyCount "109"]
[EventDate "2020.01.11"]
[EventType "tourn"]
[EventCountry "NED"]
[SourceTitle "playchess.com"]
[Source "ChessBase"]
[SourceQuality "1"]

{[%evp 19,109,24,27,20,32,26,27,24,46,43,83,73,111,100,126,142,132,139,180,112,114,74,70,-84,-103,-100,-49,-33,-22,-41,-35,-29,-43,-75,-50,-135,-116,-116,-33,-179,-22,-43,0,0,0,-225,-204,-383,-381,-289,-37,-34,93,0,0,-30,87,0,0,-259,0,-120,0,0,11,11,10,0,0,0,0,0,0,0,0,0,0,0,0,0,0,0,0,0,0,0,0,0,0,0,12,12]} 1. e4 e5 2. Nf3 Nc6 3. Bb5 a6 4. Ba4 Nf6 5. O-O Be7 6. Re1 b5 7. Bb3 d6 8. a4 Bb7 9. d3 O-O 10. Bd2 Nd4 11. Nxd4 {C88: Closed Ruy Lopez: Anti-Marshall Systems.} exd4 12. c3 dxc3 13. Nxc3 {White has an edge.} b4 14. Ne2 {[#]} d5 $146 ({Predecessor:} 14... a5 15. f3 c5 16. Be3 Rc8 17. Rc1 d5 18. Ng3 g6 19. Bf2 Qd7 20. Qe2 dxe4 21. dxe4 {1-0 (36) Saltaev,M (2480)-Noack,C Dresden 1999}) 15. e5 Nd7 16. Nf4 c6 17. d4 Re8 18. a5 Rb8 19. Nh5 (19. e6 $18 {aiming for exf7+.} Nf6 20. exf7+ Kxf7 21. Qf3 (21. Qe2 Bd6 $14)) 19... g6 $16 20. f4 f5 (20... gxh5 $6 21. Qxh5 Kh8 22. Bc2 $16) 21. g4 $2 (21. exf6 $14 {keeps the upper hand.} Bf8 22. Qf3 Nxf6 23. Ng3) 21... gxh5 $17 22. gxf5 {[#]} Nf6 $1 {[%mdl 512]} 23. exf6 $15 Bxf6 24. Re5 Kh8 25. Qxh5 Rg8+ 26. Kf2 Qf8 {[%mdl 1024] Black has strong compensation.} (26... c5 $5) 27. Rc1 (27. Rae1 $15) 27... Qg7 $17 28. Qh3 Bc8 (28... c5 $1 $17 29. Be3 Rbf8) 29. Ke3 {[#]} (29. Bc2 $1 $15) 29... c5 $2 (29... Bd7 $1 $19 30. Re1 Bxe5 31. fxe5 (31. dxe5 Rbf8 $17) 31... Qg5+ {[%mdl 64] Double Attack} 32. Ke2 Qxf5 33. Qxf5 Bxf5) 30. Bxd5 $11 (30. Rxc5 $2 Bxe5 31. dxe5 Qg1+ 32. Kd3 Qxc5 $19) 30... cxd4+ (30... Rf8 $5 {[%cal Rc5d4]} 31. Kf2 (31. Rxc5 $2 Bxe5 32. dxe5 Qg1+ 33. Ke2 Qxc5 $19 {[%mdl 64] Double Attack}) 31... Bxe5 32. dxe5 Bxf5 $15) 31. Kf2 (31. Kxd4 $2 Rd8 $19) 31... Bb7 {And now ...Bxd5 would win.} 32. Bxb7 $2 (32. Bxg8 $11 {and White has nothing to worry.} Rxg8 33. Re6) 32... Rxb7 $19 33. Re6 $2 {[#]} (33. Rec5 {was forced.}) 33... d3 $1 {[%mdl 512]} 34. Kf3 (34. Qxd3 Rd7) 34... Rb5 $2 ({Black should try} 34... Bxb2 $19 35. Rb1 Bd4) 35. Rcc6 $1 $15 Qg1 (35... Bxb2 $15 {stays ahead.} 36. Rh6 Rb7) 36. Re1 ({Better is} 36. Rc7 $16 {[%csl Gh3][%cal Rc7h7]} Qh1+ 37. Ke3 Qg1+ 38. Ke4 Qd4+ 39. Kf3 Qd5+ 40. Kf2 Qxf5 41. Qxf5 Rxf5 42. Ke3 (42. Rxa6 Bxb2 43. Kf3 Rd5 $16) 42... Bxb2 43. Bxb4 (43. Rxa6 Rd5 $11)) 36... Qg7 $11 {Threatens to win with ...Qb7.} 37. Ree6 $1 {[%cal Re6f6]} Qg1 (37... Bxb2 $11 {remains equal.} 38. Rh6 Rb7) 38. Re1 (38. Rc7 $16 {[%csl Gh3][%cal Rc7h7]} Qh1+ 39. Ke3 Qg1+ 40. Ke4 Qd4+ {[#]} 41. Kf3 $1 {[%mdl 512]} Qd5+ 42. Kf2 Qxf5 43. Qxf5 Rxf5 44. Ke3 (44. Rxa6 Bxb2 45. Kf3 Rd5 $16)) 38... Qg7 39. Rce6 $2 {[%mdl 8192]} (39. Ree6 $1 $11 Bxb2 40. Rh6) 39... Rb7 $2 ({Don't do} 39... Rxa5 40. Rxf6 Qxf6 41. Re6 $19) ({Black should play} 39... Rc5 $19 {White must now prevent ...Rc2.} 40. R1e3 Rc2 41. Rxd3 Rxb2) 40. Rxa6 (40. Rc1 $1 $11) 40... Bxb2 (40... Qf7 $17 41. Rd6 Rd7) 41. Rg6 $1 {[%cal Rg6g7] The position is equal.} Qf7 42. Rxg8+ Qxg8 43. Qh6 {Hoping for Qc6.} Qd5+ 44. Re4 Rb8 $1 {[%cal Rb8e8] ...Re8 is the strong threat.} 45. Qe6 Qxa5 46. Bxb4 d2 47. Qd7 {Re8+ would kill now.} Qxf5 48. Re8+ Rxe8 49. Qxe8+ (49. Qxf5 {gets mated.} d1=Q+ 50. Kg3 Qg1+ 51. Kh3 Re3+ 52. Kh4 Qxh2+ 53. Kg5 Rg3+ 54. Qg4 Qh3 55. Bc3+ Bxc3 56. Qxg3 Qxg3+ 57. Kh5 Be1 58. Kh6 Qh4#) 49... Kg7 50. Qe7+ Kg6 51. Qe8+ Kg7 52. Bxd2 Qd5+ 53. Ke2 Bf6 54. Qe3 Qg2+ 55. Qf2 {Accuracy: White = 61%, Black = 51%.} 1/2-1/2

[Event "82nd Tata Steel Challengers 2020"]
[Site "Wijk aan Zee"]
[Date "2020.01.26"]
[Round "13.5"]
[White "Grandelius, Nils"]
[Black "Keymer, Vincent"]
[Result "0-1"]
[WhiteElo "2673"]
[BlackElo "2527"]
[Annotator "TA"]
[PlyCount "96"]
[EventDate "2020.01.11"]
[EventType "tourn"]
[EventCountry "NED"]
[SourceTitle "playchess.com"]
[Source "ChessBase"]
[SourceQuality "1"]

{[%evp 9,96,5,10,0,7,12,18,13,27,6,3,0,0,-3,9,0,3,11,14,0,16,0,0,-8,12,18,19,4,14,0,0,0,0,0,34,0,0,0,0,0,0,0,0,0,0,0,0,0,0,0,0,-22,-22,-8,-8,-20,-12,-14,-18,-18,-16,-13,-14,-64,-63,-68,-55,-69,-40,-52,-20,-25,-10,-9,-11,-11,-15,-12,-11,-73,-68,-71,-73,-29969,-29970,-29969,-29967,-29996,-29997]} 1. Nf3 d5 2. g3 Bg4 3. Bg2 c6 4. O-O Nd7 5. h3 Bh5 6. d4 {A07: Réti Opening: New York and Capablanca Systems} e6 7. c4 Ngf6 8. cxd5 {The position is equal.} exd5 9. Ne5 Ne4 10. Bxe4 dxe4 11. Nc3 Be7 $146 ({Predecessor:} 11... f5 12. Qb3 Nxe5 13. dxe5 {½-½ (51) Malikentzos,S (2441)-Navara,D (2740) Porto Carras 2018}) 12. Bf4 Nxe5 13. dxe5 Bg6 14. Qb3 Qc8 15. Rac1 O-O 16. Kh2 Bf5 17. g4 Be6 18. Qc2 h5 19. Qxe4 hxg4 20. hxg4 Bxg4 21. Rg1 {Hoping for Qg2.} Qf5 {( -> ...Qh5+)} 22. Qxf5 (22. Rg3 {feels hotter.} g6 23. Rh1 Rfe8 24. Kg2 Qxe4+ 25. Nxe4 Bf5 26. Ng5) 22... Bxf5 23. e4 Bg6 24. Rg3 Rfe8 25. Kg2 Bb4 26. f3 Rad8 27. Rh1 Bxc3 28. bxc3 Rd3 29. Rgh3 {[%csl Gh1][%cal Rh3h8]} f6 30. Rh8+ Kf7 31. Rxe8 Kxe8 $11 {[%mdl 4096] Endgame KRB-KRB} 32. Rh8+ Ke7 33. Rb8 Bh5 {And now ...b5 would win.} 34. Rxb7+ Ke6 {White should prevent ...g5.} 35. exf6 gxf6 36. Rb3 Bxf3+ 37. Kf2 Bxe4 {...Rf3+ is the strong threat.} 38. Be3 a5 39. Ra3 f5 40. Bd4 f4 41. Rxa5 {Threatens to win with Re5+.} Bd5 42. Ke2 Rh3 43. a4 Rh1 44. Ra8 {[#]} (44. Kd2 $11 {remains equal.}) 44... c5 $1 $17 {[%cal Rc5d4][%mdl 512]} 45. Ra6+ (45. Bxc5 Bxa8) 45... Kf5 46. Ra5 $2 {[%mdl 8192] [#]} (46. Rf6+ $17 Kg5 47. Be5) 46... f3+ $1 {Black mates.} 47. Kf2 Rh2+ 48. Kg1 {[#]} f2+ 0-1

[Event "82nd Tata Steel Challengers 2020"]
[Site "Wijk aan Zee"]
[Date "2020.01.26"]
[Round "13.6"]
[White "Nihal Sarin"]
[Black "Mamedov, Rauf"]
[Result "1-0"]
[WhiteElo "2618"]
[BlackElo "2659"]
[Annotator "TA"]
[PlyCount "121"]
[EventDate "2020.01.11"]
[EventType "tourn"]
[EventCountry "NED"]
[SourceTitle "playchess.com"]
[Source "ChessBase"]
[SourceQuality "1"]

{[%evp 9,121,2,12,0,0,0,0,0,-1,8,17,0,27,20,21,20,24,25,22,19,21,26,42,46,44,52,39,40,152,143,152,137,142,139,139,155,142,149,152,109,180,108,105,105,96,87,199,202,246,246,246,246,264,241,311,314,311,303,362,371,483,472,425,354,400,333,395,333,344,283,283,237,381,381,381,381,381,380,370,371,357,283,362,359,368,376,374,374,342,345,505,484,501,387,522,527,487,468,1092,1060,1078,1032,1092,1092,1781,1602,29957,11689,29982,29983,29983,29984,29984,29985]} 1. d4 d5 2. Bf4 Bf5 3. e3 e6 4. Nf3 Nf6 5. c4 Bxb1 6. Qxb1 {D02: 1 d4 d5 2 Nf3 sidelines, including 2...Nf6 3 g3 and 2...Nf6 3 Bf4} (6. Rxb1 Bb4+ 7. Ke2 dxc4 8. Qa4+ Nc6 9. Ne5 a5 10. Nxc6 Qd7 11. g3 Nd5 12. Bg2 Ra6 13. a3 Be7 14. Rhc1 Qxc6 15. Qxc4 Nxf4+ 16. gxf4 Qxg2 17. Qxc7 Bd8 18. Qe5 Rc6 19. Rxc6 bxc6 20. Qc5 Qd5 {0-1 (20) So,W (2780)-Wei,Y (2729) chess.com INT 2018}) 6... Bb4+ 7. Kd1 Be7 8. c5 {The position is equal.} Ne4 $146 ({Predecessor:} 8... b6 9. b4 Ne4 10. Qc2 O-O 11. Bd3 Nc6 12. a3 bxc5 13. Bxe4 dxe4 14. Qxe4 {1-0 (75) Margvelashvili,G (2547)-Gerzhoy,L (2489) Saint Louis 2012}) 9. Qc2 O-O 10. Bd3 Nc6 {Strongly threatening ...Nb4.} 11. Bxe4 dxe4 12. Qxe4 Bxc5 $1 13. Ke2 Bd6 14. Ng5 {[%csl Gg5][%cal Re4h7]} g6 15. Bxd6 cxd6 16. Qh4 $40 {[%csl Gg5][%cal Rh4h7][%mdl 128] White attacks.} h5 17. g4 Qb6 18. gxh5 Qb5+ ({Much worse is} 18... Qxb2+ $6 19. Kf3 $16) (18... f6 $1 $14 19. Nxe6 Qb5+ 20. Kf3 Qf5+ {[%mdl 64] Double Attack} 21. Nf4 g5 {[%mdl 64] Double Attack, Pin}) 19. Ke1 $1 $16 ({Don't do} 19. Kf3 f6 $14) 19... Qxb2 20. Rd1 Qb4+ 21. Kf1 Qb5+ {[#]} 22. Kg1 $1 {Black must now prevent hxg6.} Kg7 23. hxg6 Kxg6 24. Ne4 {d5 is the strong threat.} Rg8 {[#]} (24... Qh5 $16 25. Qxh5+ (25. Qg3+ Kh6 $16) 25... Kxh5) 25. h3 (25. f4 $1 $18 {Threatens to win with Kf2.} Qe2 26. Re1) 25... Qh5 26. Qxh5+ Kxh5+ 27. Kh2 Kh4 (27... Rg6 $16 {keeps fighting.}) 28. Nxd6 Rad8 29. Nxb7 Rb8 30. Rb1 a5 31. a3 Ne7 32. Nxa5 Ra8 33. Nc4 Nd5 34. Rhg1 f5 35. Rxg8 Rxg8 $18 {[%mdl 4096] Endgame KRN-KRN} 36. Nd2 Rc8 37. Nf3+ Kh5 38. Rb2 Rc3 39. Ne5 Rxa3 40. Rc2 Kg5 (40... f4 $142 41. e4 Nc3) 41. Rc6 Ra2 42. Kg1 Kf6 43. Nd7+ Kf7 44. Nc5 f4 45. Rxe6 fxe3 46. fxe3 Re2 47. e4 Nf4 48. Re5 {aiming for Rf5+.} Nxh3+ 49. Kf1 Rc2 (49... Rf2+ {is a better defense.} 50. Ke1 Rc2) 50. Rh5 Rc3 51. Ke2 Kg6 52. Rf5 Ng5 53. Rf1 Ra3 (53... Nf7 $142 54. Nd7 Ng5) 54. e5 Ra2+ 55. Kd3 Ra3+ 56. Kc4 Nf3 57. Kd5 Re3 58. e6 Kg7 59. Ne4 {White mates.} Rd3 {[#]} 60. Rxf3 $1 Rxf3 61. e7 {Accuracy: White = 80%, Black = 34%.} 1-0

[Event "82nd Tata Steel Challengers 2020"]
[Site "Wijk aan Zee"]
[Date "2020.01.26"]
[Round "13.7"]
[White "Abdusattorov, Nodirbek"]
[Black "Saduakassova, Dinara"]
[Result "1/2-1/2"]
[WhiteElo "2635"]
[BlackElo "2519"]
[Annotator "TA"]
[PlyCount "151"]
[EventDate "2020.01.11"]
[EventType "tourn"]
[EventCountry "NED"]
[SourceTitle "playchess.com"]
[Source "ChessBase"]
[SourceQuality "1"]

{[%evp 9,151,0,0,0,14,15,7,12,15,14,20,14,18,17,20,7,23,0,0,0,15,0,60,69,71,64,63,64,96,103,109,108,88,84,112,81,84,83,84,93,73,76,84,80,93,67,68,72,69,58,47,41,48,17,114,108,117,109,118,122,115,120,120,118,123,124,121,123,118,107,107,111,119,101,122,119,115,104,106,89,104,89,95,103,95,83,75,29,36,24,24,24,24,24,24,24,24,24,31,8,8,8,8,8,8,8,8,8,8,8,8,8,8,8,8,0,8,8,8,8,8,8,8,8,8,8,8,8,8,8,8,8,8,8,8,0,8,8,8,8,8,8,8,8]} 1. Nf3 Nf6 2. e3 c5 3. d4 d5 4. b3 Nc6 5. Bb2 cxd4 6. Nxd4 {D04: Colle System.} Bg4 7. Nxc6 bxc6 8. Be2 Bxe2 9. Qxe2 {[#]} g6 $146 ({Predecessor:} 9... e6 10. O-O Bd6 11. c4 O-O 12. Nc3 Qa5 13. Rac1 Ba3 {½-½ (13) Nguyen,H (2406)-Atabayev,Y (2455) Chengdu 2017}) 10. c4 Bg7 11. O-O O-O 12. Rc1 Qd7 13. Nc3 Rfd8 14. Na4 Qf5 15. Rc2 dxc4 (15... Ne4 $11) 16. Rxc4 $14 Ne4 17. Bxg7 Kxg7 18. f3 Qf6 19. Qe1 Ng5 20. Rac1 Rac8 21. Nc5 Rd5 22. f4 Ne6 23. Ne4 Qf5 24. Qc3+ Kg8 25. Nf2 {[#] e4 is the strong threat.} Rd6 26. h3 Qh5 27. Ng4 f6 28. Nf2 Kf7 29. Kh2 Qe2 30. Rc2 $1 {[%cal Rc2e2]} Qf1 31. b4 Rb8 (31... h5 $11) 32. Qb3 $16 {Threatens to win with Ne4.} a5 33. a3 axb4 34. Rxc6 Rb6 35. Rxd6 Rxd6 36. axb4 Qb5 37. Ne4 Rd3 38. Rc3 Rxc3 39. Qxc3 ({Of course not} 39. Nxc3 $6 Qd3 $11) 39... Qd5 40. Qc2 h5 41. Qb1 Nc7 42. Nc5 Nb5 43. Qd3 (43. Qc2 {looks sharper.} Nd6 44. e4 Qd4 45. Qb3+ Nc4 46. h4) 43... Qxd3 44. Nxd3 {[%mdl 4096] Endgame KN-KN} Ke6 45. Kg3 Kd5 46. Nc5 Nd6 47. Kf3 Kc4 48. Na6 Nf5 $1 49. Nc7 Kxb4 50. g4 hxg4+ $1 51. hxg4 Nh6 52. Nd5+ Kc5 53. Nxe7 g5 54. e4 {[#] Black must now prevent e5.} gxf4 {The position is equal.} 55. Kxf4 Kc4 $1 56. Nf5 Ng8 $1 57. Ke3 Kc5 58. Kf3 Kc6 59. Ke2 Kd7 60. Ke3 Ke6 61. Kd4 Ne7 62. Ke3 Ng6 63. Nd4+ Kd6 64. Kf3 Ke5 65. Nb3 Nh4+ 66. Kg3 Ng6 67. Nd2 Kd4 68. Kf3 Kd3 69. Nb3 Ne5+ 70. Kf4 {Strongly threatening Nc1+.} Nxg4 71. Nc1+ Kd4 $1 72. Nb3+ Kd3 $1 73. Nc5+ Kc4 74. Nd7 Nf2 75. Nxf6 Nxe4 76. Kxe4 {Accuracy: White = 95%, Black = 92%.} 1/2-1/2